000 00875nam a22003137a 4500
001 BR0204976
003 BR-BrBNA
005 20230928101157.0
007 ta
008 230509b bl.||||| |||| 00| 0 por d
040 _aBR-BrBNA
_bpor
_cBiblioteca Nacional de Agricultura
041 _a(Por)
072 _aE50; D50
090 _ E50 BR0204976
100 1 _aDias, H.P.
110 1 _aAgência Nacional de Vigilância Sanitária, Brasília, DF (Brasil)
_994
245 1 _aFlagrantes de ordenamento jurídico-sanitário
260 3 _aBrasília, DF (Brasil):
_c2000.
300 _a178 p.
500 _aBibliography p. 157-177
650 _aMEDICAMENTO
650 _aSEGURANÇA ALIMENTAR
650 _aPREÇO
650 _aSAÚDE PÚBLICA
650 _aLEGISLAÇÃO
650 _aINSPEÇÃO SANITÁRIA
909 _a202309
_bLucia
_c55
_dLucia Elande
942 _cBK
999 _c64594
_d64594